00434nam a2200133 a 450000500170000000800410001705000200005810000170007824500320009526000350012765000110016299900190017395201080019220140414131847.0100712s19uu xx 00 eng d aM 323bH86 2001 aHudson, Wade aFive bold freedom fighters. aNew York :bScholastic,c2001. aHeroes c109962d109962 001040aMUbMUcMd2010-07-12eBkRewardl0oM 323 H86 2001pM0167r2014-04-14 00:00:00w2014-04-14yBK